<?xml version="1.0" encoding="UTF-8"?>
<collection xmlns:xsi="http://www.w3.org/2001/XMLSchema-instance" xsi:schemaLocation="http://www.loc.gov/MARC21/slim http://www.loc.gov/standards/marcxml/schema/MARC21slim.xsd" xmlns="http://www.loc.gov/MARC21/slim">
 <record>
  <leader>00000ctm a22000004a 4500</leader>
  <controlfield tag="001">UP-99796217613547363</controlfield>
  <controlfield tag="003">Buklod</controlfield>
  <controlfield tag="005">20230606143935.0</controlfield>
  <controlfield tag="006">m     o  u        </controlfield>
  <controlfield tag="007">ta</controlfield>
  <controlfield tag="008">230606s2019    xx     d m   |||| ||    |</controlfield>
  <datafield tag="035" ind1=" " ind2=" ">
   <subfield code="a">(iLib)UPD-00520970990</subfield>
  </datafield>
  <datafield tag="040" ind1="0" ind2=" ">
   <subfield code="a">DEDUC</subfield>
   <subfield code="e">rda</subfield>
  </datafield>
  <datafield tag="041" ind1="0" ind2=" ">
   <subfield code="a">eng</subfield>
  </datafield>
  <datafield tag="042" ind1=" " ind2=" ">
   <subfield code="a">DMLUC</subfield>
  </datafield>
  <datafield tag="090" ind1="0" ind2="0">
   <subfield code="a">LG 995 2019 E35</subfield>
   <subfield code="b">G36</subfield>
  </datafield>
  <datafield tag="100" ind1="1" ind2=" ">
   <subfield code="a">Gan, Jennica I.</subfield>
   <subfield code="e">author.</subfield>
  </datafield>
  <datafield tag="245" ind1="1" ind2="0">
   <subfield code="a">Dimensions of a community-based literacy program</subfield>
   <subfield code="c">Jennica I. Gan ; Dina S. Ocampo, thesis adviser ; Leonor E. Diaz, thesis reader ; Eufracio C. Abaya, Ana Maria Margarita S. Salvador, critic/reader member.</subfield>
  </datafield>
  <datafield tag="264" ind1=" " ind2="1">
   <subfield code="a">Quezon City</subfield>
   <subfield code="b">College of Education, University of the Philippines Diliman</subfield>
   <subfield code="c">2019.</subfield>
  </datafield>
  <datafield tag="300" ind1=" " ind2=" ">
   <subfield code="a">xii, 237 leaves</subfield>
   <subfield code="b">color illustrations</subfield>
   <subfield code="c">28 cm.</subfield>
  </datafield>
  <datafield tag="336" ind1=" " ind2=" ">
   <subfield code="a">text</subfield>
   <subfield code="2">rdacontent</subfield>
  </datafield>
  <datafield tag="337" ind1=" " ind2=" ">
   <subfield code="a">unmediated</subfield>
   <subfield code="2">rdamedia</subfield>
  </datafield>
  <datafield tag="338" ind1=" " ind2=" ">
   <subfield code="a">volume</subfield>
   <subfield code="2">rdacarrier</subfield>
  </datafield>
  <datafield tag="502" ind1=" " ind2=" ">
   <subfield code="a">Thesis</subfield>
   <subfield code="b">Master of Arts in Education - Reading Education</subfield>
   <subfield code="c">University of the Philippines, Diliman</subfield>
   <subfield code="d">July 2019.</subfield>
  </datafield>
  <datafield tag="506" ind1=" " ind2=" ">
   <subfield code="a">This thesis is available to the public.</subfield>
  </datafield>
  <datafield tag="520" ind1="0" ind2=" ">
   <subfield code="a">With the idea that only limited studies deal with literacy programs in informal settings, this study using a mixed methods approach investigated the dimensions of the Balsa Basa community-based literacy programs (CBLP) of Brgy. San Jose, Donsol, Sorsogon, Bicol. Particularly, it sought to determine what the Balsa Basa CBLP is, how it was developed and implemented, and how it transformed the readership of the students in terms of reading attitude and leisure reading. It also looked into the literacy practices of the parents, the teachers, and the programs leaders and how they view themselves as readers. Through deep engagement with the community over a span of three months, the program implementation was observed, workshops, interviews, and surveys with the community members were conducted, and archival research was executed. Analyses of data gathered show that the Balsa Basa CBLP is a program that envisions its students to become readers through its various activities such as Balsa Basa, Walk for Knowledge, reading time, among others and through the collaborative efforts of its community members from parents, teachers to Barangay officials. In developing and implementing the program, several key features were found evident: informal process, community-centeredness, community involvement, and strong sense of commitment. Having been implemented for more than five years, the program has positively transformed the following subcomponents of students readership: (a) reading attitude at home, (b) reading attitude in school, (c) goals for reading, (d) self-concept as readers, (e) types of materials read, (f) circumstances when they read, (g) places where they read, and (h) how they obtain their reading materials. Focusing on the programs key players, the parents, the teachers, and the program leaders in the community have different concepts of literacy, views of the uses of literacy, and ways of engaging in literacy. It shows that, although they are all involved in the same program, the literacy practices of the key players are diverse as influenced by their own distinct contexts. Similarly, these three groups of keys players have different views of themselves as readers. To sum up all the dimensions of a community-based literacy program, a conceptual framework was made to present the various parts and features of such program: (a) the literacy/readership goal that sets the direction of the program; (b) the activities that are carried out to meet the programs goal through reading engagements, supply of materials, and student empowerment; (c) the key players, including program leaders, teachers, parents, and other actors, who work together for the attainment of the goal; and (d) the key features (i.e community-centeredness, community involvement, and strong sense of commitment) for developing and implementing a community-based literacy program. Based on all of these findings, it is recommended that more community-based literacy programs be developed in other settings to help address the literacy needs of the students.</subfield>
  </datafield>
  <datafield tag="650" ind1=" " ind2="0">
   <subfield code="a">Reading (Elementary)</subfield>
   <subfield code="z">Philippines</subfield>
   <subfield code="z">Barangay San Jose (Donsol, Sorsogon)</subfield>
  </datafield>
  <datafield tag="650" ind1=" " ind2="0">
   <subfield code="a">Literacy</subfield>
   <subfield code="z">Philippines</subfield>
   <subfield code="z">Barangay San Jose (Donsol, Sorsogon)</subfield>
  </datafield>
  <datafield tag="653" ind1=" " ind2="0">
   <subfield code="a">Balsa Basa community-based literacy programs.</subfield>
  </datafield>
  <datafield tag="653" ind1=" " ind2="0">
   <subfield code="a">Community-based literacy programs.</subfield>
  </datafield>
  <datafield tag="700" ind1="1" ind2=" ">
   <subfield code="a">Ocampo, Dina S.</subfield>
   <subfield code="e">thesis adviser.</subfield>
  </datafield>
  <datafield tag="700" ind1="1" ind2=" ">
   <subfield code="a">Diaz, Leonor E.</subfield>
   <subfield code="e">thesis reader.</subfield>
  </datafield>
  <datafield tag="700" ind1="1" ind2=" ">
   <subfield code="a">Abaya, Eufracio C.</subfield>
   <subfield code="e">critic/reader member.</subfield>
  </datafield>
  <datafield tag="700" ind1="1" ind2=" ">
   <subfield code="a">Salvador, Ana Maria Margarita S.</subfield>
   <subfield code="e">critic/reader member.</subfield>
  </datafield>
  <datafield tag="842" ind1=" " ind2=" ">
   <subfield code="a">Thesis</subfield>
  </datafield>
  <datafield tag="905" ind1=" " ind2=" ">
   <subfield code="a">FI</subfield>
  </datafield>
  <datafield tag="905" ind1=" " ind2=" ">
   <subfield code="a">UP</subfield>
  </datafield>
  <datafield tag="852" ind1="0" ind2=" ">
   <subfield code="a">UPD</subfield>
   <subfield code="b">DEDUC</subfield>
   <subfield code="h">LG 995 2019 E35</subfield>
   <subfield code="i">G36</subfield>
  </datafield>
  <datafield tag="942" ind1=" " ind2=" ">
   <subfield code="a">Thesis</subfield>
  </datafield>
 </record>
</collection>
